| 000 | 00564nam a2200181 a 4500 | ||
|---|---|---|---|
| 005 | 20210223120720.0 | ||
| 008 | 991125s1958 mx 000 0 spa u | ||
| 035 | _aUPN01000006007 | ||
| 049 | _aCG | ||
| 050 | 4 |
_aLA429 J2 _bG3.2 |
|
| 100 | 1 |
_aGarcía Ruiz, Ramón, _d1908-1995 _930394 |
|
| 245 | 1 | 0 |
_aBreve historia de la educación en Jalisco / _cRamón García Ruiz. |
| 260 |
_aMéxico : _bSEP, _c1958. |
||
| 300 |
_a54 p. : _bretrs. |
||
| 506 | _aTambién disponible en la Colección Medina | ||
| 650 | 4 |
_aEDUCACION - _zJALISCO - _xHISTORIA _914181 |
|
| 905 | _aLibro | ||
| 999 |
_c6007 _d6007 |
||